Datum a čas kvízu
43
Celkem bodů
Celkový počet nahraných bodů na tomto kvízu bez doplňovacích otázek.
2.
Pořadí na kvízu
Konečné umístění týmu na tomto kvízu.
Zaznamenané odpovědi
| # | Otázka | Odpověď | Body | Výsledky |
|---|---|---|---|---|
| 1. | Na české území se po více než... | Jan Žižka | 1 | |
| 2. | Radní nizozemského města Haag... | C) reklama na cokoli souvisejícího s fosilními palivy | 1 | |
| 3. | Jedna 80letá žena se rozhodla... | z Jižní Koreje | 0 | |
| 4. | „Končíme s homeoffice,“ dozvěd... | Amazon | 1 | |
| 5. | Který muž vstoupil do sezóny j... | Radko Gudas | 1 | |
| 6. | Evropský den jazyků se slaví k... | 1A 2B 3D 4C | 0 | |
| 7. | Kašubština patří mezi jazyky: | C | 0 | |
| 8. | Sedila, tedy háček pod písmene... | C | 0 | |
| 9. | Přejdeme k literatuře. Doplňte... | Ivana | 1 | |
| 10. | Kterým slovem na pět písmen se... | Banát | 1 |